2024 15/ Calendrier de l'Avent géographie 3 - Statistiques

Statistiques générales
  • Ce quiz a été pris 15 fois
    9 depuis la dernière actualisation
  • Le résultat moyen est 28 sur 44
Statistiques - réponses
Initiale Capitale % Correct
N Nairobi
100%
A Alger
86%
E Erevan
86%
T Tachkent
86%
T Tallinn
86%
T Téhéran
86%
T Tokyo
86%
V Vaduz
86%
V Varsovie
86%
V Vatican
86%
V Vientiane
86%
A Amsterdam
71%
A Ankara
71%
A Antananarivo
71%
A Asmara
71%
A Astana
71%
A Asuncion
71%
A Athènes
71%
N Nouakchott
71%
T Tirana
71%
V Vienne
71%
V Vilnius
71%
A Accra
57%
A Addis-Abeba
57%
A Amman
57%
N Nassau
57%
N N'Djaména
57%
N New Delhi
57%
N Niamey
57%
N Nicosie
57%
N Nukuʻalofa
57%
T Tegucigalpa
57%
T Tunis
57%
A Abou Dabi
43%
A Abuja
43%
A Andorre-la-Vieille
43%
A Apia
43%
N Naypyidaw
43%
T Tbilissi
43%
T Thimphou
43%
T Tripoli
43%
A Achgabat
29%
V Victoria
29%
T Tarawa-Sud
0%
Aucun quiz correspondant
Distribution des résultats
% des personnes avec chaque résultat
Percentile par nombre de réponses
Votre historique - résultats
Vous n’avez pas pris ce quiz depuis la dernière actualisation